| 000 | 00718nam a22001817a 4500 | ||
|---|---|---|---|
| 005 | 20260415111934.0 | ||
| 008 | 240813b ||||| |||| 00| 0 eng d | ||
| 082 |
_22023 _aUT |
||
| 100 |
_aBandoja, Arnel M. _957496 |
||
| 245 |
_aLOCIDS : _blocal ID solution for CSWDO with data visualization using predictive data analytics / _cArnel M. Bandoja, Charmie Y. Landero, and Mark E. Salas |
||
| 260 |
_aDigos City : _bUMDC, _c©May 2023. |
||
| 300 |
_aix, 62 pages : _c30 cm. _billustrations (some colors) ; |
||
| 500 | _aIncludes references and appendices. | ||
| 650 |
_aInformation Technology. _xUndergraduate Thesis. _957497 |
||
| 700 |
_aLandero, Charmie Y. _957498 |
||
| 700 |
_aSalas, Mark E. _957499 |
||
| 942 |
_2ddc _cUT |
||
| 999 |
_c20377 _d20377 |
||